América Latina y los problemas actuales de la energía
Uloženo v:
| Korporace: | , |
|---|---|
| Médium: | Kniha |
| Jazyk: | španělština |
| Vydáno: |
Ciudad de México
Fondo de Cultura Económica
1975
|
| Edice: | Obras de Economía
|
| Témata: | |
| Tagy: |
Přidat tag
Žádné tagy, Buďte první, kdo vytvoří štítek k tomuto záznamu!
|
MARC
| LEADER | 00000nam a2200000 a 4500 | ||
|---|---|---|---|
| 001 | UCR8067 | ||
| 003 | CL-VaPUC | ||
| 008 | 980519e19750000MX |||||||||||||||||spa|d | ||
| 082 | 0 | 4 | |a 333.79 |b CEP |2 21 |
| 110 | 2 | |a CEPAL |e author |9 409729 | |
| 710 | 2 | |a Comisión Económica para América Latina |e author |9 409730 | |
| 245 | 1 | 0 | |a América Latina y los problemas actuales de la energía |
| 300 | |a 568 p | ||
| 942 | |c BK | ||
| 945 | |d 19980519 00:00:00 |a crobeson | ||
| 260 | |a Ciudad de México |b Fondo de Cultura Económica |c 1975 | ||
| 650 | 0 | |a Recursos energéticos |9 263206 | |
| 650 | 7 | |a CRISIS ENERGETICA |2 CL-VaPUC |9 262922 | |
| 650 | 0 | |a Recursos naturales |9 255232 | |
| 651 | 0 | |a Latinoamérica |9 316393 | |
| 583 | |a last modification |c 19980519 00:00:00 |k Rodrigo Vera | ||
| 490 | 0 | |a Obras de Economía | |
| 999 | |c 269633 |d 269631 | ||
| 952 | |0 0 |1 0 |4 0 |6 333_790000000000000_CEP_1975 |7 0 |8 A |9 303431 |a BIBENE |b BIBENE |d 2019-11-20 |i 1402919 |o 333.79 CEP 1975 |p 1402919 |r 2025-01-15 |w 2019-11-20 |y BK |k ICO | ||